L'Amérique du Sud de A à Z - Statistiques

Statistiques générales
  • Ce quiz a été pris 1 121 fois
  • Le résultat moyen est 15 sur 26
Statistiques - réponses
Lettre Indice Réponse % Correct
J Plus grand félin d'Amérique du Sud Jaguar
96%
F Premier pape originaire d'Amérique du Sud François
91%
S Ville la plus peuplée d'Amérique du Sud São Paulo
86%
C Mer dans laquelle se trouvent les îles Aruba, Margarita et Trinité Caraïbes
85%
G Archipel et province de l'Équateur célèbre pour ses tortues géantes Galápagos
84%
R Footballeur brésilien qui a remporté deux fois la Coupe du Monde, compétition dans laquelle il a marqué 15 buts au total Ronaldo
84%
E Célèbre baron de la drogue du cartel de Medellín des années 1980 Pablo Escobar
83%
B Capitale sud-américaine située à plus de 2 500 m d'altitude Bogota
78%
L Plus grande ville du littoral pacifique d'Amérique du Sud Lima
76%
T Grand lac située à la frontière entre le Pérou et le Chili Titicaca
74%
M Ancienne cité inca célèbre pour ses terrasses de culture Machu Picchu
68%
N Langue officielle du Suriname Néerlandais
68%
P Vaste région du Sud du continent avec une très faible densité de population Patagonie
65%
D Footballeur argentin formé à Rosario Central et buteur lors de la finale de la Coupe du Monde 2022 Ángel Di María
58%
K Commune française sud-américaine connue pour son centre spatial Kourou
57%
U Capitale de la province de Terre de Feu, située au sud de l'Argentine Ushuaïa
55%
Q Famille de langues parlées dans de nombreux pays andins, comptant près de 10 millions de locuteurs Quechua
54%
Z Programme d'entraînement physique inspiré de danses latines, inventé par le Colombien Beto Perez Zumba
48%
A Désert chilien, l'un des plus aride au monde Atacama
46%
I Chutes d'eau impressionnantes situées à la frontière entre le Brésil et l'Argentine Iguazú
37%
H Prénom du président bolivarien de la République du Venezuela de 1999 à 2013 Hugo Chávez
30%
V Grande ville chilienne dont le port était très important avant la construction du canal de Panama Valparaíso
25%
O Fleuve qui traverse la Colombie et le Venezuela, possédant le troisième débit le plus important au monde Orénoque
14%
X Affluent de l'Amazone qui donne son nom à un peuple amérindien, une marque de bière et un modèle d'avion brésilien Rio Xingu
3%
W Peuple amérindien vivant sur la péninsule de la Guajira, à la frontière entre la Colombie et le Venezuela Wayuu
2%
Y Parc national de l'Amazonie équatorienne, ayant l'une des plus grandes biodiversités au monde Yasuni
1%
Aucun quiz correspondant
Distribution des résultats
% des personnes avec chaque résultat
Percentile par nombre de réponses
Votre historique - résultats
Vous n’avez pas pris ce quiz